00831nam a2200229 a 450000100100000000500170001000800410002702000150006804000250008308200150010810000390012324500840016226000740024630000320032049000170035250000210036950400320039059000270042283000220044995201130047199900170058400004307920201002040625.0140218s2000 xxua 001 0 spa d a1555878857 aDO-SdBNPcspabBNPHU axxxbC258a1 aCarafano, James Jay,d1955-97060110aAfter D-Day :boperation Cobra and the Normandy breakout /cJames Jay Carafano. aBoulder, Colorado, Estados Unidos :bLynne Rienner Publishers,c2000. aix, 295 p. :bil. ;c23 cm.1 aArt of war ; aIncluye índice aBibliografía : p. 267-284 aInventariado, 2019/ YL 0aArt of war970602 001050718MOaGRbGRcCTd2014-02-18iLF1l0oxxx C258ap43079-10r2020-06-25w2020-06-25y1ZNo se presta c42568d42568